LEADER 00859nam0 2200253 450 001 000015765 005 20091217163538.0 100 $a20080903d2007----km-y0itay50------ba 101 0 $aeng 102 $aIT 105 $ay-------001yy 200 1 $aHeterogeneity, diversification and performance$eJuly 7th - 8th 2005$eCampus of Arcavacata$eUniversity of Calabria 210 $aVerona$cCueim$d2007$gGrafiche Fiorini 215 $a335 p.$d24 cm 225 2 $aSinergie$iRapporti di Ricerca$v26 410 0$12001$iRapporti di Ricerca$aSinergie 422 0$1001000001984 610 1 $aImpresa$aInnovazione dei processi 676 $a658.4063$v21 801 0$aIT$bUNIPARTHENOPE$c20080903$gRICA$2UNIMARC 912 $a000015765 951 $aSINE/R 658/26$bs.i.$cNAVA1$d2008 996 $aHeterogeneity, diversification and performance$91202576 997 $aUNIPARTHENOPE LEADER 00905nam0 22002531i 450 001 UON00528031 005 20250403023935.559 100 $a20250402d1981 |0itac50 ba 101 $aita 102 $aIT 105 $a|||| ||||| 200 1 $aDesign by choice$fReyner Banham$gedited by Penny Sparke 210 $aLondon$cAcademy$d1981 215 $a152 p.$cill.$d29 cm. 410 1$1001UON00528038$12001 $aIdeas in Architecture 620 $aGB$dLondon$3UONL003044 700 1$aBanham$bReyner$3UONV173666$010677 712 $aAcademy Editions$3UONV246954$4650 801 $aIT$bSOL$c20250404$gRICA 899 $aSIBA - SISTEMA BIBLIOTECARIO DI ATENEO$2UONSI 912 $aUON00528031 950 $aSIBA - SISTEMA BIBLIOTECARIO DI ATENEO$dSI VARIA 013 $eSI LO 25905 5 996 $aDesign by Choice$9323763 997 $aUNIOR